Derecho, cultura y ritual : (Record no. 79829)

MARC details
000 -LEADER
fixed length control field 00646nam a22001937a 4500
008 - FIXED-LENGTH DATA ELEMENTS--GENERAL INFORMATION
fixed length control field 140909t sp||||| |||| 00| 0 spa d
020 ## - INTERNATIONAL STANDARD BOOK NUMBER
International Standard Book Number 9788497688697
050 04 - LIBRARY OF CONGRESS CALL NUMBER
Classification number K2930
Item number O24 2011
100 1# - MAIN ENTRY--PERSONAL NAME
Personal name Chase, Oscar G.
245 10 - TITLE STATEMENT
Title Derecho, cultura y ritual :
Remainder of title Sistemas de resolución de controversias en un contexto intercultural /
Statement of responsibility, etc Oscar G. Chase
250 ## - EDITION STATEMENT
Edition statement 1a ed.
260 ## - PUBLICATION, DISTRIBUTION, ETC. (IMPRINT)
Place of publication, distribution, etc Madrid, España :
Name of publisher, distributor, etc Marcial,
Date of publication, distribution, etc 2011
300 ## - PHYSICAL DESCRIPTION
Extent 207 p. ;
Dimensions 22 cm.
490 #0 - SERIES STATEMENT
Series statement Proceso y derecho
504 ## - BIBLIOGRAPHY, ETC. NOTE
Bibliography, etc Incluye bibliografias e índice
650 #7 - SUBJECT ADDED ENTRY--TOPICAL TERM
Source of heading or term LEMB
Topical term or geographic name as entry element Derecho
General subdivision Disputas
650 #7 - SUBJECT ADDED ENTRY--TOPICAL TERM
Source of heading or term LEMB
Topical term or geographic name as entry element resolución de conflictos
General subdivision Cultura
942 ## - ADDED ENTRY ELEMENTS (KOHA)
Source of classification or shelving scheme Clasificación Decimal Dewey
Koha item type Libro
Holdings
Estado de pérdida Fuente de clasificación Estado del daño No para préstamo Ubicación permanente Ubicación actual Apartado o colección Fecha de adquisición Fuente de adquisición Área del conocimiento Clasificación Código de Barras Date last seen Número de copia Tipo de recurso
  Biblioteca del Cogreso de los Estados Unidos     Biblioteca del Posgrado en Derecho Biblioteca del Posgrado en Derecho General 09/09/2014     K2930 O24 2011 BPD000000363 16/01/2015 C:1 Libro
  Biblioteca del Cogreso de los Estados Unidos     Biblioteca del Posgrado en Derecho Biblioteca del Posgrado en Derecho General 09/09/2014     K2930 O24 2011 BPD000000364 16/01/2015 C:2 Libro